| 000 | 00544nam a2200157Ia 4500 | ||
|---|---|---|---|
| 008 | 220216s9999 xx 000 0 und d | ||
| 100 | _aKhamrai A K | ||
| 245 | 0 | _aStudy on dynamically vulcanized PP/EPDM blends using predispersed additives for blow molded & extruded products | |
| 260 | _bAntec 2001. Conference proceedings Dallas, Texas, 6th-10th May, 2001. Paper.600 | ||
| 500 | _aSource Year: 2001 | ||
| 650 | _aPredispersed additives | ||
| 650 | _aVulcanising agents | ||
| 700 | _aVasudeo Y B | ||
| 856 | _uRAPRA.38(12) | ||
| 942 | _cJS | ||
| 999 |
_c69832 _d69832 |
||